5 Largest Cities in Every Country #2 D-F - Statistics

General Stats
  • This quiz has been taken 42 times
  • The average score is 64 of 80
Answer Stats
Hint Answer % Correct
Equatorial Guinea Aconibe
100%
Ethiopia Adama
100%
Ethiopia Addis Ababa
100%
Eritrea Agordat
100%
East Timor Aileu
100%
Egypt Alexandria
100%
Equatorial Guinea Añisoc
100%
Eritrea Asmara
100%
Ethiopia Awassa
100%
Equatorial Guinea Bata
100%
Eswatini Big Bend
100%
Egypt Cairo
100%
Ecuador Cuenca
100%
East Timor Dili
100%
Ethiopia Dire Dawa
100%
Equatorial Guinea Ebebiyín
100%
Egypt El Mahalla El Kubra
100%
Egypt Giza
100%
Ecuador Guayaquil
100%
Finland Helsinki
100%
Finland Jyväskylä
100%
Eritrea Keren
100%
Estonia Kohtla-Järve
100%
Fiji Lautoka
100%
East Timor Likisá
100%
France Lyon
100%
Ecuador Machala
100%
Equatorial Guinea Malabo
100%
Eswatini Malgerns
100%
East Timor Maliana
100%
Eswatini Manzini
100%
France Marseille
100%
Eswatini Mbabane
100%
El Salvador Mejicanos
100%
Ethiopia Mekelle
100%
Eritrea Mendefera
100%
Fiji Nadi
100%
Estonia Narva
100%
Fiji Nasinu
100%
Fiji Nausori
100%
Eswatini Nhlangano
100%
France Nice
100%
Finland Oulu
100%
France Paris
100%
Estonia Pärnu
100%
Ecuador Quito
100%
El Salvador San Miguel
100%
El Salvador San Salvador
100%
El Salvador Santa Ana
100%
Ecuador Santo Domingo
100%
Egypt Shubra El Kheima
100%
El Salvador Soyapango
100%
East Timor Suai
100%
Fiji Suva
100%
Estonia Tallinn
100%
Finland Tampere
100%
Estonia Tartu
100%
Eritrea Teseney
100%
France Toulouse
100%
Finland Turku
100%
Denmark Copenhagen
74%
Djibouti Djibouti City
65%
Denmark Aarhus
52%
Dominican Republic Santo Domingo
52%
Dominica Roseau
35%
Denmark Aalborg
30%
Denmark Odense
26%
Denmark Esbjerg
9%
Dominican Republic San Felipe de Puerto Plata
4%
Dominican Republic Santiago de los Caballeros
4%
Djibouti Tadjoura
4%
Djibouti Al Sabieh
0%
Djibouti Arta
0%
Dominica Berekua
0%
Djibouti Dikhil
0%
Dominica Mahaut
0%
Dominica Marigot
0%
Dominica Portsmouth
0%
Dominican Republic San Pedro de Macorís
0%
Dominican Republic Santo Domingo de Guzmán
0%
No matching quizzes found
Score Distribution
Percent of People with Each Score
Percentile by Number Answered
Your Score History
You have not taken this quiz